000
00251nam a2200097Ia 4500
001
800626
005
20250826171022.0
008
250824s9999 xx 000 0 und d
245
0
_a
EKMEK ARASI TARİH-2
_c
EMİNE AYDIN
260
_b
UĞUR BÖCEĞİ YAYINLARI
999
_c
800626
_d
800626